000 00703nam a22002297a 4500
003 DO-SdBNP
005 20171127120853.0
008 171127b mx1996u||||| |||| 00| 0 spa d
020 _a9701010205
040 _aBPMSU
_bspa
_cBPMSU
100 1 _aJ. Silvestre Méndez
245 _aFundamentos de economía /
_cJ. Silvestre Méndez
250 _a3a. ed.
260 _aMéxico, D.F.:
_bMcGraw-Hill Interamericana ,
_c1996
300 _aix, 317p. :
_bil. ;
_c23 cm.
500 _aIncluye referencias bibliográficas y notas al pie de las paginas
500 _aIncluye índice
504 _aBibliografía: p.305-307
650 4 _aEconomía
942 _2ddc
_cBK
945 _aInventariado, 2017/MFF
999 _c13125
_d13125